[Event "Klubbmesterskapet 2019 (A)"]
[Site "Ås, Akershus NOR"]
[Date "2019.03.14"]
[Round "8"]
[White "Lea, Per"]
[Black "Bakken, Svein-Erik"]
[Result "1-0"]
[WhiteElo "1729"]
[BlackElo "1621"]
[Annotator "Lea,Per"]
[PlyCount "101"]
[EventDate "2019.01.10"]

1. e4 c5 2. Nf3 Nc6 3. d4 cxd4 4. Nxd4 e6 5. Nc3 a6 6. Be3 Qc7 7. Be2 Nf6 8.
O-O Be7 9. Qd2 (9. f4 d6 {er den vanligste fortsettelsen}) 9... O-O 10. f4 d6
11. Rf3 $2 Ng4 $1 ({Hvit hadde bare vurdert} 11... Nh5 12. g4 Nf6 13. Rg3 {og
trodd at der var godt - men det er det definitivt IKKE!}) 12. Kh1 Nxe3 13. Qxe3
Bf6 14. Nxc6 Qxc6 (14... bxc6 {hindrer bondeframstøtet som kom i partiet}) 15.
e5 dxe5 {Det virker naturlig å åpne stillingen for den som har løperparet, men
som kjent: "Ingen regel uten unntak"} 16. fxe5 ({Også} 16. Ne4 Be7 17. fxe5 {
er godt for hvit, men det ble aldri vurdert}) 16... Be7 17. Bd3 $2 (17. Ne4 $1
{skal være det eneste trekket i denne stillingen, f.eks.:} Rd8 18. Nf6+ gxf6
19. exf6 Bxf6 20. Qh6 Be5 21. Qg5+ Kf8 22. Rxf7+ Kxf7 23. Bh5+ Kf8 24. Rf1+ Bf6
25. Qxf6+ Kg8 26. Qxd8+ Qe8 27. Qxe8+ Kg7 28. Qf8#) 17... f5 18. exf6 Bxf6 (
18... Rxf6 19. Rxf6 Bxf6 20. Rf1 {er bedre, selv om også dette er fordelaktig
for hvit}) 19. Raf1 Bd7 20. Rh3 h6 21. Rxh6 Kf7 {Spilt etter ett sekund
betenkningstid. Svart hadde 1:20 igjen på klokka; hvit var på vei inn i
kritisk tidsnød og var nede på 0:04 fem trekk seinere} (21... gxh6 22. Qxh6 Rf7
23. Bg6 Rg7 24. Rxf6 {vinner for hvit, men det er ikke så lett å finne. Alle
andre trekk enn} e5 {er matt i høyst 14 trekk}) 22. Rfxf6+ {Både Stockfish og
jeg mener at dette er den beste fortsettelsen} gxf6 23. Ne4 $2 {Hvit har
fremdeles avgjørende fordel, men enda sterkere er} (23. Qd4 Ke8 24. Be4 Qc7 25.
Rh7 Rc8 26. Bg6+ Kd8 27. Na4 Qc6 28. Nb6 Rc7 29. Be4 e5 30. Qb4 Qe6 31. Bd5 {
uten at jeg tror noen av oss så noe av dette under partiet}) 23... Ke7 24. Rh7+
Rf7 25. Qh6 (25. Qd4 Raf8 ({Heller ikke} 25... e5 26. Qb4+ Kd8 27. Rxf7 Kc7 28.
Rxf6 Qd5 29. Qb6+ {er noen redning for svart})) 25... Raf8 26. Nxf6 $4 (26.
Qxf6+ Ke8 27. Qg6 e5 28. Ng5 Qf6 29. Nxf7 Rxf7 30. Rxf7 Qxf7 31. Qxf7+ Kxf7 32.
Kg1 {og to merbønder i et løpersluttspill med likefargede løpere bør være lett
vunnet}) 26... Rxh7 (26... e5 $1 {- og nå er det plutselig svart som har fordel
}) 27. Nxh7 Rf7 $4 28. Qg5+ (28. Qh4+ Kd6 29. Ng5 {og svart har ingen steder å
sette tårnet}) 28... Ke8 29. Bg6 Qxc2 $2 {En morsomhet, men etter} 30. Bxf7+ (
30. Nf6+ Ke7 31. Bxc2 {er det svart som sitter med skjegget i postkassa}) 30...
Kxf7 31. Qf6+ Kg8 {Hvit står fremdeles klart bedre, men kan ikke bruke så mye
mer enn 30 sekunder på hvert trekk resten av partiet} 32. Qd8+ Kxh7 33. Qxd7+
Kh8 34. Qe8+ Kh7 35. Qf7+ Kh8 {Hvit klarer ikke å få slått e-bonden med sjakk}
36. Qf6+ Kh7 37. h4 Qb1+ 38. Kh2 Qxa2 39. Qe7+ Kh6 40. Qxb7 Qc4 41. Kh3 Qe2 42.
b4 Qc4 43. Qe7 Qd3+ 44. Kh2 Qf5 45. Qc5 ({Jeg våget ikke å gå inn i
bondesluttspillet etter} 45. Qg5+ Qxg5 46. hxg5+ Kxg5 47. Kg3 e5 48. Kf3 {og
av en eller annen grunn innbilte jeg meg at jeg hadde en randbonde på
dronningfløyen og fryktet at svart kunne sperre meg inne på a8 og få remis.
Men det var et skummelt synsbedrag.}) 45... Qf4+ 46. Kh3 Qe4 $4 {Nå kan hvit
framtvinge dronningbytte og vinner lett} ({Svart kunne prøvd} 46... e5 47. Qd6+
Kg7 48. Qe7+ Kh6 49. Qe6+ ({I motsetning til i trekk 45, så er
bondesluttspillet som oppstår etter} 49. Qg5+ {IKKE vunnet:} Qxg5 50. hxg5+
Kxg5 51. Kg3 e4 52. Kf2 Kf4 53. g3+ Kg4 54. Ke3 Kxg3 55. Kxe4 Kf2 56. Kd4 Ke2
57. Kc5 Kd3 58. Kb6 Kc4 59. Ka5 Kc3 60. Ka4 Kc4)) 47. Qg5+ Kh7 48. Qh5+ Kg7 49.
Qg4+ Qg6 50. Qxg6+ Kxg6 51. g4 1-0

[Event "Klubbmesterskapet 2019 (A)"]
[Site "Ås, Akershus NOR"]
[Date "2019.03.14"]
[Round "8"]
[White "Furnes, Torstein"]
[Black "Olsen, Trygve"]
[Result "1-0"]
[WhiteElo "1772"]
[BlackElo "1501"]
[Annotator "Furnes, Torstein"]
[PlyCount "111"]
[EventDate "2019.01.10"]

1. d4 c6 2. c4 e5 3. dxe5 Qa5+ 4. Nc3 Qxe5 5. Nf3 Qc7 6. Bg5 d6 7. e3 Be6 8.
Bd3 f6 9. Bf4 Nd7 10. Nd4 Bf7 11. O-O O-O-O {Dermed har vi rokert til hver vår
side og det er klart for kongeangrep på begge sider av brettet !} 12. Qa4 $6 {
Fritz liker bedre trekk som b4 eller Lf5.} Kb8 13. b4 Nb6 14. Qb3 a6 15. a4 g5
16. Bg3 h5 17. h3 g4 18. hxg4 ({Vinsttrekket er} 18. b5 $1 {F.eks.} c5 19. bxa6
$1 cxd4 20. Nb5 Qc5 21. a5 bxa6 22. axb6 axb5 23. Qa2 Kc8 24. Qa7 Ne7 25. Be4
d5 26. b7+ Kd7 27. b8=Q+ Ke8 28. Qxd8+ Kxd8 29. Qxc5) 18... h4 19. Bh2 h3 20.
a5 (20. gxh3 Rxh3 21. Bf4 {er bedre.}) 20... Nxc4 $6 {Et interessant offer,
men hvit har tilstrekkelig forsvar mot angrepet.} 21. Bxc4 Bxc4 22. Qxc4 hxg2
23. Rfc1 ({Et viktig poeng er at hvit må unngå} 23. Kxg2 $2 Rxh2+ $1 24. Kf3 (
24. Kxh2 $4 d5+ 25. Kg2 dxc4) 24... d5 25. Qd3 Nh6) 23... Rxh2 ({Svarts beste
trekk er} 23... Qh7 {men hvit har kontroll etter} 24. Nf3) 24. Qxg8 ({Hvit må
som sagt for all del unngå} 24. Kxh2 $4 d5+ 25. Kxg2 dxc4) 24... d5 25. Ne6
Rh1+ 26. Kxg2 Qh2+ 27. Kf3 Rxc1 28. Rxc1 Rc8 29. Nxf8 Ka7 30. Qh7 Qd6 31. Ng6
Re8 ({Svart kan ikke ta bonden} 31... Qxb4 $2 32. Rb1) 32. Qf7 Rb8 33. Qe7 Qh2
34. Nf4 Qh8 35. Qc5+ Ka8 36. Na4 Rd8 37. Nb6+ Kb8 38. Qe7 ({Fritz påviser at
hvit nå kunne bryte igjennom forsvaret med} 38. b5 $3 cxb5 (38... axb5 39. a6
$1 bxa6 40. Qxc6 {med matt}) 39. Qc7+ Ka7 40. Rc6 $1 {med ugarderlig
mattangrep.}) 38... d4 39. Nd7+ Ka8 40. Nc5 Rb8 41. exd4 ({Følgende
springeroffer var også mulig:} 41. Nxa6 $1 bxa6 42. Rxc6 Rb7 (42... Qh1+ 43.
Ng2 Qh3+ 44. Ke2 Qxg4+ 45. Ke1) 43. Rxa6+ Kb8 44. Qd6+ Rc7 45. Rb6+ Kc8 46.
Qe6+ Rd7 47. Qc6+ Rc7 48. Qa8+ Kd7 49. Qxh8) 41... f5 42. Qe5 fxg4+ 43. Kxg4
Qh2 44. Nce6 Rg8+ 45. Kf3 Qh7 46. Qe4 Qe7 47. d5 cxd5 48. Qxd5 Kb8 49. Qe5+ Ka7
50. Qc5+ Qxc5 51. Rxc5 Kb8 52. Ke4 Re8 53. Ke5 Re7 54. Nd5 Rd7 55. Nb6 Rh7 56.
Rc8+ 1-0

[Event "Klubbmesterskapet 2019 (A)"]
[Site "Ås, Akershus NOR"]
[Date "2019.03.14"]
[Round "8"]
[White "Andersen, Odd"]
[Black "Moberg, Jan Rune"]
[Result "1-0"]
[WhiteElo "1724"]
[BlackElo "1661"]
[PlyCount "117"]
[EventDate "2019.01.10"]

1. e4 d6 2. d4 g6 3. c3 Bg7 4. f4 e6 5. Nf3 Ne7 6. Be3 O-O 7. Nbd2 a6 8. g4 f5
9. exf5 exf5 10. g5 b5 11. a4 bxa4 12. Qxa4 Kh8 13. h4 Nd5 14. Kf2 Nxe3 15.
Kxe3 c5 16. Kf2 Bb7 17. h5 cxd4 18. h6 Be5 19. fxe5 dxe5 20. Bg2 dxc3 21. bxc3
Qb6+ 22. Kg3 Nc6 23. Rab1 Qc7 24. Kf2 Rad8 25. Rhd1 Rfe8 26. Qb3 Ba8 27. Kg1
Qe7 28. Nc4 Qc5+ 29. Kh2 Rb8 30. Qa2 Rxb1 31. Rxb1 Rd8 32. Rb6 e4 33. Rxc6 Bxc6
34. Nce5 Bd5 35. Qxa6 Qd6 36. Qxd6 Rxd6 37. Nd4 Kg8 38. Kg3 Ra6 39. Nd7 Bf7 40.
Nf6+ Kh8 41. Bf1 Ra3 42. Nb5 Ra6 43. Kf4 Ra1 44. Be2 Re1 45. Nd6 Bg8 46. Ke3
Rg1 47. Kf4 Rg2 48. Bb5 Rf2+ 49. Ke3 Rf3+ 50. Kd4 Rg3 51. Bc4 Rd3+ 52. Bxd3
exd3 53. Kxd3 Be6 54. Kd4 f4 55. Ke4 f3 56. Kxf3 Bc4 57. Ke4 Bd3+ 58. Kd4 Bc4
59. Nd5 1-0

[Event "Klubbmesterskapet 2019 (B)"]
[Site "Ås, Akershus NOR"]
[Date "2019.03.14"]
[Round "8"]
[White "Thowsen, Alf Geir"]
[Black "Rønbeck, Bjørn"]
[Result "1/2-1/2"]
[WhiteElo "1400"]
[BlackElo "1543"]
[PlyCount "72"]
[EventDate "2019.01.10"]

1. d4 d5 2. c4 c6 3. Nc3 dxc4 4. e3 b5 5. a3 Nf6 6. Nf3 e6 7. g3 Nbd7 8. Bg2
Bb7 9. O-O Be7 10. Re1 O-O 11. Nd2 Nd5 12. Qc2 Qb6 13. Ne2 a6 14. e4 N5f6 15.
Nf3 c5 16. dxc5 Bxc5 17. Nc3 Ng4 18. Nd1 e5 19. h3 Ngf6 20. Nc3 Rfe8 21. Be3
Nh5 22. Nd5 Bxd5 23. exd5 Bxe3 24. Rxe3 Nxg3 25. Ng5 g6 26. Rxg3 Nc5 27. Rd1
Rad8 28. Ne4 Nd3 29. Nc3 Rd6 30. Bf1 Nc5 31. Rf3 Qd8 32. Re1 f5 33. Rfe3 Qg5+
34. Rg3 Qf6 35. Rge3 Qg5+ 36. Rg3 Qf6 1/2-1/2

[Event "Klubbmesterskapet 2019 (B)"]
[Site "Ås, Akershus NOR"]
[Date "2019.03.14"]
[Round "8"]
[White "Heien, Aksel"]
[Black "Simonsen, Steinar"]
[Result "0-1"]
[WhiteElo "1247"]
[BlackElo "1521"]
[PlyCount "94"]
[EventDate "2019.01.10"]

1. e4 e5 2. Nf3 Nc6 3. Bc4 h6 4. d4 exd4 5. Nxd4 Nxd4 6. Qxd4 Qf6 7. Qxf6 Nxf6
8. e5 d5 9. exf6 dxc4 10. Nc3 Bb4 11. O-O Bxc3 12. bxc3 gxf6 13. Re1+ Be6 14.
Be3 h5 15. Rad1 h4 16. Bf4 c6 17. Rd4 Rd8 18. Rxc4 Kf8 19. Ra4 a6 20. c4 Rd4
21. Be3 Rxc4 22. Rxc4 Bxc4 23. Bc5+ Kg7 24. Re7 Rh5 25. Be3 Rb5 26. h3 Bxa2 27.
Re4 Rb1+ 28. Kh2 Rb2 29. Rg4+ Kf8 30. Rxh4 Rxc2 31. Bd4 Ke7 32. Re4+ Kd6 33.
Bxf6 Rxf2 34. Be7+ Kd7 35. Bc5 Rc2 36. Re7+ Kd8 37. Re5 Bd5 38. Rg5 Rxc5 39. h4
Ke7 40. h5 Rc4 41. Kg1 Kf6 42. Rg8 Rh4 43. Rb8 Rxh5 44. Rxb7 Rg5 45. Rb2 Ke5
46. Re2+ Kd4 47. Rd2+ Kc3 0-1

[Event "Klubbmesterskapet 2019 (B)"]
[Site "Ås, Akershus NOR"]
[Date "2019.03.14"]
[Round "8"]
[White "Røst, Stian"]
[Black "Aamodt, Peder Marcus"]
[Result "0-1"]
[WhiteElo "1279"]
[BlackElo "1408"]
[Annotator "Aamodt, Peder Marcus"]
[PlyCount "108"]
[EventDate "2019.01.10"]

1. e4 c5 {Jeg går for en Siciliansk denne gangen I høstturneringen 2018 spilte
vi spansk} 2. Nf3 e6 3. d4 cxd4 4. Nxd4 Nf6 5. Bd3 (5. Nc3 {er mer vanlig})
5... Nc6 6. Nf3 $146 (6. Nxc6 {mest normalt i denne åpningen}) (6. Nb3 {er
også spillbart}) 6... a6 7. Bg5 Be7 8. Nc3 d6 9. Qd2 h6 10. Be3 e5 $6 (10...
Ng4 {er litt bedre}) 11. h3 Be6 12. a3 Rc8 13. O-O b5 14. b3 $6 (14. a4 {er
bedre} b4 15. Nd5 $1 Bxd5 16. exd5 Nxd5 17. Bxa6) 14... d5 15. exd5 Nxd5 16.
Nxd5 Bxd5 17. Be2 (17. Bf5 $1 {hadde vært et godt trekk} Bxf3 (17... Be6 {også
spillbart} 18. Bxe6 fxe6 19. Qe2) 18. Bxc8 Qxc8 19. gxf3 O-O {er en spennende
stilling hvor jeg ofrer kvalitet}) 17... Bxf3 18. Qxd8+ $2 {taper en bonde men
har løperparet i konpansansjon} Nxd8 19. Bxf3 Rxc2 20. Rfc1 Rxc1+ 21. Rxc1 $1
Bxa3 22. Ra1 b4 23. Bc1 Bxc1 24. Rxc1 O-O {i følge Komodo leder jeg med en
halv bonde} (24... Ke7 {er litt bedere}) 25. Ra1 Ne6 26. Rxa6 Rb8 $2 27. Ra5 {
ok jeg mister en bonde her men jeg ville kjempe videre} Nd4 $11 28. Bd5 Ne2+
29. Kf1 Nc3 30. Bc4 e4 31. Ra7 Rd8 (31... Rf8 {er også mulig å spille men} 32.
Rb7 {vinner en bonde}) 32. Bxf7+ Kf8 33. g3 Rd1+ (33... Nb5 34. Ra5 Kxf7 35.
Rxb5 Rd4 {burde være remis}) 34. Kg2 Nb5 35. Bh5 {var ett trekk jeg overså}
Nxa7 36. Bxd1 Nb5 37. Bc2 Nd4 38. Bd1 Ke7 39. g4 $2 {Var trekket som ifølge
Komodo taper} Kd6 40. Kg3 Ke5 41. h4 Nf3 $2 42. Be2 $4 (42. Bxf3 $1 {Er
faktisk remis} exf3 43. Kxf3 Kd4 44. g5 hxg5 45. hxg5 Kc3 46. Ke2 Kxb3 47. f4
Kc2 48. f5 b3 49. f6 gxf6 50. gxf6 b2 51. f7 {begge får dronning} b1=Q 52. f8=Q
Qd1+ 53. Ke3 Qd3+ 54. Kf2 {er remis men det er vanskelig å se så mange trekk})
42... Nd2 {nå er det kliss vunnet} 43. Bd1 g5 44. hxg5 hxg5 45. Bc2 Kd4 46.
Bxe4 {han bare gir opp løperen} Kxe4 47. f4 gxf4+ 48. Kh4 {Jeg får dronning
først} f3 49. g5 f2 50. g6 f1=Q 51. g7 Qf6+ 52. Kh5 Qxg7 53. Kh4 Kf4 54. Kh3
Qg3# 0-1

[Event "Klubbmesterskapet 2019 (B)"]
[Site "Ås, Akershus NOR"]
[Date "2019.03.14"]
[Round "8"]
[White "Samset, Jon"]
[Black "Selboe, Øyvind W"]
[Result "0-1"]
[WhiteElo "1410"]
[BlackElo "1493"]
[PlyCount "136"]
[EventDate "2019.01.10"]

1. e4 e6 2. Nf3 d5 3. exd5 exd5 4. d4 Nf6 5. Bd3 h6 6. O-O Bd6 7. Be3 O-O 8.
Nbd2 Bg4 9. c4 c6 10. c5 Bc7 11. b4 Nbd7 12. Qc2 Rc8 13. Rfe1 Bb8 14. a4 Re8
15. Bf5 Bxf5 16. Qxf5 Ne4 17. Nxe4 Rxe4 18. Ra2 Re6 19. Rae2 Qf6 20. Qxf6 Nxf6
21. b5 Rce8 22. Kf1 Ne4 23. Rc2 f6 24. h3 Ng3+ 25. Kg1 Nf5 26. Rce2 Bf4 27. b6
a6 28. Nd2 Bxe3 29. fxe3 Rxe3 30. Rxe3 Rxe3 31. Rxe3 Nxe3 32. Nb3 Nc4 33. Kf2
Kf7 34. Kf3 g5 35. Kg4 Kg6 36. Kf3 f5 37. g3 h5 38. h4 Kf6 39. Nc1 Nb2 40. Nb3
Nc4 41. Nc1 Na5 42. Nd3 Nb3 43. Ke3 Kg6 44. Ne5+ Kf6 45. Nxc6 g4 46. Nb4 Na5
47. Nxd5+ Ke6 48. Nf4+ Kf7 49. Nxh5 Nc4+ 50. Ke2 Nb2 51. c6 Nxa4 52. c7 ({Hvit
får ny dronning etter} 52. cxb7) 52... Nxb6 53. Nf4 a5 54. d5 Nc8 55. h5 a4 56.
Kd2 b5 57. Kc3 a3 58. Kb3 b4 59. Nd3 Kg7 60. Ka2 Kh6 61. Nf4 Nd6 62. Nd3 Kxh5
63. Nxb4 f4 64. gxf4 g3 65. c8=Q Nxc8 66. d6 Nxd6 67. Nd5 g2 68. Nf6+ Kg6 0-1

[Event "Klubbmesterskapet 2019 (B)"]
[Site "Ås, Akershus NOR"]
[Date "2019.03.14"]
[Round "8"]
[White "Stensland, Martin"]
[Black "Skaret, Runar"]
[Result "1/2-1/2"]
[WhiteElo "1225"]
[BlackElo "1387"]
[PlyCount "67"]
[EventDate "2019.01.10"]

1. Nf3 d5 2. d4 Bf5 3. Bf4 e6 4. a3 Nf6 5. Nc3 c6 6. e3 Nbd7 7. Be2 Be7 8. O-O
h6 9. Nh4 Bh7 10. Nf3 Nh5 11. Ne5 Nxf4 12. exf4 Nf8 13. b4 a6 14. Bh5 g6 15.
Bf3 Rg8 16. g3 g5 17. fxg5 Bxg5 18. Bg2 Qc7 19. a4 Nd7 20. Nf3 Be7 21. Rb1 Nb6
22. Ne5 Bd6 23. Re1 Qe7 24. Qf3 Bxb4 25. Rxb4 Bxc2 26. Rxb6 O-O-O 27. Rb2 Bf5
28. a5 f6 29. Nd3 Qa3 30. Rxb7 Kxb7 31. Nc5+ Ka8 32. Nxa6 Qxa5 33. Nc5 Rb8 34.
Bf1 1/2-1/2

[Event "Klubbmesterskapet 2019 (A)"]
[Site "Ås, Akershus NOR"]
[Date "2019.03.28"]
[Round "7"]
[White "Andersen, Odd"]
[Black "Kielland-Lund, Jon"]
[Result "1/2-1/2"]
[WhiteElo "1724"]
[BlackElo "1674"]
[PlyCount "76"]

1. d4 d5 2. Bf4 c6 3. e3 Bf5 4. c4 e6 5. Nc3 Bd6 6. Bxd6 Qxd6 7. c5 Qc7 8. Nf3
Nf6 9. Bd3 Bg4 10. h3 Bh5 11. O-O Nbd7 12. Be2 Bg6 13. b4 O-O 14. Nh4 e5 15.
Nxg6 hxg6 16. a4 exd4 17. exd4 Qf4 18. Qd3 Rfe8 19. Bf3 Ne4 20. Bxe4 dxe4 21.
Qe3 g5 22. d5 cxd5 23. Nxd5 Qe5 24. Rad1 Rad8 25. g3 a6 26. Nc3 Nf6 27. Rd2 Nd5
28. Nxd5 Rxd5 29. Rfd1 Red8 30. Rxd5 Rxd5 31. Rxd5 Qxd5 32. b5 Qd1+ 33. Kg2
Qxa4 34. bxa6 bxa6 35. Qxg5 Qc4 36. Qd8+ Kh7 37. Qd6 e3 38. fxe3 Qe2+ 1/2-1/2

[Event "Klubbmesterskapet 2019 (B)"]
[Site "Ås, Akershus NOR"]
[Date "2019.03.28"]
[Round "7"]
[White "Simonsen, Steinar"]
[Black "Selboe, Øyvind W"]
[Result "0-1"]
[WhiteElo "1521"]
[BlackElo "1493"]
[Annotator "Lea,Per"]
[PlyCount "76"]
[EventDate "2019.01.10"]

1. e4 e6 2. d4 d5 3. Bd3 c5 4. exd5 cxd4 5. Nf3 Qxd5 6. O-O Bd6 7. Nxd4 Bd7 (
7... Qxd4 $2 8. Bb5+) 8. Re1 $4 (8. Be3 $14) 8... Qxd4 9. c3 Qb6 10. Nd2 Qc7
11. Nf3 h6 12. Be3 Nc6 13. Qd2 Ne5 14. Nxe5 Bxe5 15. f4 Bd6 16. Rac1 Ne7 17. c4
Bc5 18. b4 Bxe3+ 19. Qxe3 O-O 20. Qe4 Ng6 21. Rf1 Qb6+ 22. c5 Qc7 23. h4 Bc6
24. Qe3 Nxh4 25. Be4 Nf5 26. Bxf5 exf5 27. Qh3 Rad8 28. Rc3 Rd2 29. Rg3 Kh8 30.
Qxf5 Qd7 31. Qh5 Re8 32. Kh2 Ree2 33. Rg1 Rxa2 34. f5 Rf2 35. Qg4 f6 36. Qg6
Rxf5 37. Re3 Rg5 38. Qb1 Raxg2+ 0-1

[Event "Klubbmesterskapet 2019 (A)"]
[Site "Ås, Akershus NOR"]
[Date "2019.04.04"]
[Round "9"]
[White "Moberg, Jan Rune"]
[Black "Kielland-Lund, Jon"]
[Result "1/2-1/2"]
[WhiteElo "1661"]
[BlackElo "1674"]
[Annotator "Furnes, Torstein"]
[PlyCount "53"]
[EventDate "2019.01.10"]

1. c4 e5 2. e4 Nf6 3. Nc3 Bb4 4. Nge2 O-O 5. g3 d6 6. Bg2 Nc6 7. h3 Be6 8. d3
Qc8 9. Be3 Ne8 10. f4 f5 11. exf5 Bxf5 12. g4 exf4 13. Nxf4 Bxc3+ 14. bxc3 Bd7
15. O-O Nf6 16. c5 ({Hvit vinner offiser etter} 16. g5 $1 {Svart taper dersom
han prøver å redde springeren med} Ne8 $2 17. Bd5+ Kh8 (17... Rf7 18. Qh5 Ne5
19. Bxf7+ Nxf7 20. Nd5 g6 21. Ne7+ Kf8 22. Rxf7+ Kxf7 23. Qxh7+ Ng7 24. Nxc8)
18. Ng6+ $1 hxg6 19. Rxf8+ Kh7 20. Bg8+ Kh8 21. Qh5+ $1 gxh5 22. Bf7+ Kh7 23.
g6#) 16... Na5 17. d4 ({Samme vinstvariant som i forrige trekk er fortsatt
mulig} 17. g5 $1 Ne8 $2 18. Bd5+ Kh8 19. Ng6+ $1 hxg6 20. Rxf8+ Kh7 21. Bg8+
Kh8 22. Qh5+ $1 gxh5 23. Bf7+ Kh7 24. g6#) 17... dxc5 18. d5 b6 19. Ne6 Bxe6
20. dxe6 Qxe6 21. Bf4 Rad8 22. Qc2 c6 23. Rae1 Qd7 24. Rd1 Qe6 25. Rde1 Qd7 26.
Rd1 Qe6 27. Rde1 1/2-1/2

[Event "Klubbmesterskapet 2019 (A)"]
[Site "Ås, Akershus NOR"]
[Date "2019.04.04"]
[Round "9"]
[White "Olsen, Trygve"]
[Black "Andersen, Odd"]
[Result "0-1"]
[WhiteElo "1501"]
[BlackElo "1724"]
[PlyCount "112"]
[EventDate "2019.01.10"]

1. f4 e5 2. fxe5 d6 3. Nf3 Bg4 4. e4 dxe5 5. Be2 Bc5 6. c3 Nc6 7. b4 Bxf3 8.
Bxf3 Bb6 9. b5 Nce7 10. Na3 Ng6 11. Nc4 Bc5 12. Ba3 Bxa3 13. Nxa3 Qd6 14. Nc2
Qc5 15. Ne3 Nf6 16. O-O Qxb5 17. Rb1 Qc6 18. Qc2 O-O 19. c4 b6 20. d4 Rad8 21.
d5 Qc5 22. Qe2 Nd7 23. Rb5 Qe7 24. Nf5 Qe8 25. g3 Nc5 26. Rbb1 Ne7 27. g4 Ng6
28. Qe3 Nf4 29. Be2 f6 30. Rbd1 g6 31. Nh4 Qe7 32. Ng2 g5 33. h4 h6 34. h5 Kg7
35. Rd2 Rd6 36. Rfd1 Qd7 37. Nxf4 exf4 38. Qf3 Re8 39. Rd4 Qa4 40. R1d2 Qd7 41.
Bd1 Re7 42. Bc2 Qc8 43. Kg2 Nd7 44. Kh3 Ne5 45. Qg2 Qa6 46. Bb3 Qa3 47. Rc2 Qc5
48. Rcd2 a5 49. a4 Qb4 50. Qf2 Qxb3+ 51. Kg2 Nxc4 52. R2d3 Qxa4 53. Rc3 b5 54.
Kf3 Qb4 55. Qe1 Qc5 56. Qd1 Ne5+ 0-1

[Event "Klubbmesterskapet 2019 (A)"]
[Site "Ås, Akershus NOR"]
[Date "2019.04.04"]
[Round "9"]
[White "Bakken, Svein-Erik"]
[Black "Furnes, Torstein"]
[Result "1/2-1/2"]
[WhiteElo "1621"]
[BlackElo "1772"]
[PlyCount "42"]
[EventDate "2019.01.10"]

1. d4 d5 2. c4 e6 3. Nc3 Nf6 4. Nf3 Be7 5. Bf4 c6 6. e3 O-O 7. Qc2 dxc4 8. Bxc4
Nbd7 9. h3 b5 10. Be2 Bb7 11. O-O a6 12. Rfd1 Qb6 13. a3 c5 14. dxc5 Nxc5 15.
b4 Nce4 16. Nxe4 Bxe4 17. Qc7 Qxc7 18. Bxc7 Nd5 19. Be5 Rac8 20. Rdc1 Rfd8 21.
Bb2 Nb6 1/2-1/2

[Event "Klubbmesterskapet 2019 (A)"]
[Site "Ås, Akershus NOR"]
[Date "2019.04.04"]
[Round "9"]
[White "Larsen, Jo Ingebrigt"]
[Black "Lund, Petter"]
[Result "0-1"]
[WhiteElo "1621"]
[BlackElo "1649"]
[PlyCount "106"]
[EventDate "2019.01.10"]

1. d4 Nf6 2. Bf4 d5 3. e3 e6 4. Nd2 c5 5. c3 a6 6. Bd3 h6 7. Ngf3 c4 8. Bc2 b5
9. e4 Bb7 10. Qe2 Be7 11. e5 Nh7 12. h4 Nc6 13. Qe3 b4 14. Bxh6 g6 15. Bg7 Rg8
16. Qh6 Bf8 17. Bxf8 Nxf8 18. Qe3 bxc3 19. Qxc3 Qa5 20. Qxa5 Nxa5 21. Ng5 Ke7
22. f4 Nc6 23. Ngf3 Nb4 24. Bb1 a5 25. a3 Nc6 26. g4 Nd7 27. h5 gxh5 28. g5 Rh8
29. Rh4 Nf8 30. f5 exf5 31. Bxf5 Bc8 32. Bxc8 Rxc8 33. O-O-O Ng6 34. Rh2 Rb8
35. Rdh1 Nf4 36. Ne1 Nxd4 37. Rf2 Nfe2+ 38. Kd1 Ng3 39. Rh3 h4 40. Kc1 Nde2+
41. Kd1 Nd4 42. Kc1 Ndf5 43. Nef3 Rbc8 44. Kc2 Ne3+ 45. Kb1 Nd1 46. Rfh2 Nf5
47. Nxh4 Nxh4 48. Rxh4 Rxh4 49. Rxh4 c3 50. bxc3 Nxc3+ 51. Kb2 Ke6 52. Nf3 Nd1+
53. Kb3 Rc3+ 0-1

[Event "Klubbmesterskapet 2019 (B)"]
[Site "Ås, Akershus NOR"]
[Date "2019.04.04"]
[Round "9"]
[White "Rønbeck, Bjørn"]
[Black "Petersen, Rune J"]
[Result "1-0"]
[WhiteElo "1543"]
[BlackElo "1199"]
[PlyCount "131"]

1. e4 Nc6 2. d4 e5 3. d5 Nd4 4. c3 Nf6 5. Bg5 Be7 6. Qd3 Nb5 7. Bxf6 Bxf6 8.
Qxb5 a6 9. Qa4 O-O 10. c4 d6 11. Bd3 Bd7 12. Qb3 b6 13. Ne2 c5 14. O-O Qc7 15.
Bc2 b5 16. Nd2 bxc4 17. Nxc4 Rfb8 18. Qc3 Bb5 19. b3 Bxc4 20. Qxc4 Rb4 21. Qd3
c4 22. bxc4 Rxc4 23. Bb3 Rc5 24. Rac1 Bg5 25. Rxc5 Qxc5 26. Kh1 a5 27. g3 a4
28. Bd1 Rc8 29. Bxa4 Qa5 30. Bb3 Bd2 31. Rd1 Bb4 32. Kg2 Bc5 33. Rc1 Qd8 34. f4
Qf6 35. f5 g6 36. Qf3 gxf5 37. exf5 Qg5 38. h4 Qg7 39. f6 Qg6 40. h5 Qg5 41. g4
e4 42. Qf5 Qxf5 43. gxf5 e3 44. Kf3 h6 45. Rg1+ Kf8 46. Rg7 Re8 47. Rg1 Rc8 48.
Rg4 Ba3 49. Ra4 Bc5 50. Rc4 Rb8 51. Nc3 Rb4 52. Rxb4 Bxb4 53. Nb5 Ke8 54. Kxe3
Kd7 55. a4 Bc5+ 56. Nd4 Bxd4+ 57. Kxd4 Kc7 58. Kc4 Kb6 59. Kb4 Ka6 60. a5 Ka7
61. Kb5 Kb7 62. a6+ Ka7 63. Bc4 Kb8 64. Kc6 Ka7 65. Bb5 Kb8 66. Kb6 1-0

[Event "Klubbmesterskapet 2019 (B)"]
[Site "Ås, Akershus NOR"]
[Date "2019.04.04"]
[Round "9"]
[White "Selboe, Øyvind W"]
[Black "Thowsen, Alf Geir"]
[Result "1-0"]
[WhiteElo "1493"]
[BlackElo "1400"]
[PlyCount "79"]
[EventDate "2019.01.10"]

1. d4 Nf6 2. c4 c5 3. d5 b5 4. Nf3 d6 5. cxb5 a6 6. Nc3 axb5 7. Nxb5 Ba6 8. e3
Nbd7 9. Be2 g6 10. O-O Bg7 11. a4 O-O 12. Re1 Nb6 13. Nc3 Bb7 14. e4 Ba6 15. h3
Qd7 16. Bxa6 Rxa6 17. Nb5 Rfa8 18. Nc3 Nxa4 19. Nxa4 Rxa4 20. Rxa4 Rxa4 21. Qb3
Rb4 22. Qc2 Qb7 23. Nd2 Nd7 24. b3 Ne5 25. f4 Nd7 26. Ba3 Rb5 27. Bb2 f6 28.
Bc3 Nf8 29. Rb1 e5 30. fxe5 fxe5 31. Nc4 Qe7 32. Bd2 Nd7 33. Qd3 Rb8 34. Ra1
Nb6 35. Nxb6 Rxb6 36. Ra8+ Kf7 37. Qf3+ Qf6 38. Qg4 Qe7 39. Qc8 Bf6 40. Qg8#
1-0

[Event "Klubbmesterskapet 2019 (B)"]
[Site "Ås, Akershus NOR"]
[Date "2019.04.04"]
[Round "9"]
[White "Aamodt, Peder Marcus"]
[Black "Heien, Aksel"]
[Result "0-1"]
[WhiteElo "1384"]
[BlackElo "1247"]
[PlyCount "56"]
[EventDate "2019.01.10"]

1. e4 e5 2. Nf3 Nc6 3. Bb5 a6 4. Ba4 b5 5. Bb3 Nf6 6. Ng5 d5 7. exd5 Nd4 8. Nf3
Nxb3 9. axb3 Qxd5 10. Nc3 Qd6 11. Nxb5 Qc6 12. Qe2 axb5 13. Nxe5 Qb7 (13...
Qxg2 14. Nc6+ Kd7 15. Rxa8 Qxh1+ 16. Qf1 Qxc6 $19) 14. Rxa8 Qxa8 15. Ng6+ Kd8
16. Nxh8 Be6 17. O-O Qc6 18. d3 g6 19. Bg5 Bg7 20. Qe5 Ke7 21. f4 h6 22. Nxf7 (
22. Bh4 $18) 22... Kxf7 23. f5 Bxf5 24. Bf4 Qxc2 25. Rc1 Qxd3 26. Rxc7+ Nd7 27.
Qe1 Qd4+ 28. Qe3 Qd1+ 0-1